01336cam a22003375a 4500001001000000003000400010005001700014008004100031020002500072020001500097040004000112082002000152100003700172245016600209250003200375260005000407300002900457500002500486500002800511504003100539650003900570650005800609651001000667653003600677700001900713700005200732700003700784942002000821999001700841952014000858016562392OSt20151001133613.0140205t2014 enka frbd 001 0 eng d a9781292004860 (pbk.) a129200486X aStDuBDSbengcStDuBDSdUkdEG-ScBUE04a005.74bKRO2221 aKroenke, David M.,d1948-93841110aDatabase processing :bfundamentals, design, and implementation /cDavid M. Kroenke, David J. Auer ; contributions by Arup Kumar Bhattacharjee, Soumen Mukherjee. a13th ed., International ed. aHarlow :bPearson Education Limited,cc.2014. a640 p. :bill. ;c28 cm. aIndex : p. 629-640.  aGlossary : p. 615-627.  aBibliography : p. 613-614. 7aDatabase management.2BUEsh911309 0aDatabase managementvProblems, exercises, etc.2BUEsh 2BUEsh bCOMSCIcJune2015cSeptember20151 aAuer, David J.1 aBhattacharjee, Arup Kumar,econtributer.9327931 aMukherjee, Soumen,econtributer. 2ddck005.74 KRO c19829d19801 00102ddc40708AlahramaMAINbMAINcLOWd2015-06-22ePurchaseg295.00h319l0o005.74 KROp000038555r2025-07-15 00:00:00v368.75yBB